UBT Library

HUMAN PHYSIOLOGY AND MECHANISM OF DISEASE (Record no. 8644)

000 -LEADER
fixed length control field 00311nam a22001337a 4500
008 - FIXED-LENGTH DATA ELEMENTS--GENERAL INFORMATION
fixed length control field 170324b xxu||||| |||| 00| 0 eng d
020 ## - INTERNATIONAL STANDARD BOOK NUMBER
International Standard Book Number 0721621147
041 ## - LANGUAGE CODE
Language code of text/sound track or separate title eng
080 ## - UNIVERSAL DECIMAL CLASSIFICATION NUMBER
Edition identifier 4 ED
Universal Decimal Classification number 611
100 ## - Rafti
Rafti 6
101 ## - Shkurtesa
Shkurtesa SHM
245 ## - TITLE STATEMENT
Title HUMAN PHYSIOLOGY AND MECHANISM OF DISEASE
Statement of responsibility, etc GUYTON.A.C
942 ## - ADDED ENTRY ELEMENTS (KOHA)
Source of classification or shelving scheme
Item type Books
Holdings
Withdrawn status Lost status Source of classification or shelving scheme Damaged status Not for loan Collection code Permanent location Current location Shelving location Date acquired Total Checkouts Full call number Barcode Date last seen Price effective from Koha item type
          Koleksioni i përgjithshem UBT - Lipjan UBT - Lipjan Koleksioni i përgjithshem 03/24/2017   611 GUY 002-034130 03/24/2017 03/24/2017 Books
          Koleksioni i përgjithshem UBT - Lipjan UBT - Lipjan   03/27/2023   159.9GUY 002-80003042 03/27/2023 03/27/2023 Books
UBT Library © 2015-2024. All rights reserved University Education for Business and Technology